| 000 | 00855nam a22002897a 4500 | ||
|---|---|---|---|
| 001 | 200460182 | ||
| 003 | TR-AnTOB | ||
| 005 | 20240517103139.0 | ||
| 008 | 240517b tu ||||| |||| 00| 0 tur d | ||
| 020 | _a9786054927920 | ||
| 040 |
_aTR-AnTOB _beng _erda _cTR-AnTOB |
||
| 041 | _atur | ||
| 092 |
_a828.33 _bFİT 2018 |
||
| 100 | _qFitzmaurice, Kathryn | ||
| 245 |
_aEmily Babasını Arıyor _cKathryn Fitzmaurice ; çev. Aylin Yengin ; ed. Alkım Özalp. |
||
| 250 | _a6.bs | ||
| 260 |
_aİstanbul : _bKırmızı Kedi, _c2018. |
||
| 300 |
_a254 Pages.: _c20 cm. |
||
| 336 |
_atext _btxt _2rdacontent |
||
| 337 |
_aunmediated _bn _2rdamedia |
||
| 338 |
_avolume _bnc _2rdacarrier |
||
| 490 |
_aKırmızı Kedi Yayınevi ; _v375. |
||
| 653 | _aAmerikan Romanı | ||
| 942 |
_2ddc _cBK |
||
| 999 |
_c200460182 _d78394 |
||